| 000 | 01187nam a2200325 a 4500 | ||
|---|---|---|---|
| 001 | ebr10333782 | ||
| 003 | CaPaEBR | ||
| 006 | m u | ||
| 007 | cr cn||||||||| | ||
| 008 | 091123s2007 cm s 000 1 eng d | ||
| 020 | _z9789956558094 | ||
| 020 | _z9789956615612 | ||
| 020 | _z9956558095 | ||
| 040 |
_aCaPaEBR _cCaPaEBR |
||
| 035 | _a(OCoLC)646835793 | ||
| 043 | _af------ | ||
| 050 | 1 | 4 |
_aPR9372.9.J56 _bT352 2007eb |
| 100 | 1 | _aJing, Thomas. | |
| 245 | 1 | 0 |
_aTale of an African woman _h[electronic resource] / _cThomas Jing. |
| 260 |
_aCameroon : _bLangaa Research & Pub. CIG, _c2007. |
||
| 300 | _a327 p. | ||
| 490 | 1 | _aLangaa & African Studies Centre | |
| 533 |
_aElectronic reproduction. _bPalo Alto, Calif. : _cebrary, _d2013. _nAvailable via World Wide Web. _nAccess may be limited to ebrary affiliated libraries. |
||
| 650 | 0 |
_aWomen _zAfrica _vFiction. |
|
| 650 | 0 | _aCameroonian fiction (English) | |
| 655 | 7 |
_aElectronic books. _2local |
|
| 710 | 2 | _aebrary, Inc. | |
| 830 | 0 | _aAfrican Studies Centre research series. | |
| 856 | 4 | 0 |
_uhttp://site.ebrary.com/lib/rucke/Doc?id=10333782 _zAn electronic book accessible through the World Wide Web; click to view |
| 999 |
_c66461 _d66461 |
||